00373nam a2200109Ia 4500008004100000082002100041100001000062245002700072260003000099300001100129650012300140211119s9999||||xx |||||||||||||| ||und|| a894.812 3bVKN-T aVkn,  0aTheranjedutha Kathakal bD c BooksaKottayamc2004 a1400p. aLiterature & rhetoricv Literatures of other languagesAltaic, Uralic, Hyperborean & Dravidian GeneraliaxGeneral stack